Imperial geographies in Byzantine and Ottoman space /

محفوظ في:

المؤلف الرئيسي: Bazzaz, Sahar (مؤلف)

مؤلفون آخرون: Batsaki, Yota, 1974-, Angelov, Dimiter, 1972-

التنسيق: كتاب

اللغة: English

منشور في: Washington, D.C : Center for Hellenic Studies, 2012.

سلاسل: Hellenic studies ; 56.

الموضوعات:

الوسوم: إضافة وسم

لا توجد وسوم, كن أول من يضع وسما على هذه التسجيلة!

رقم الطلب: DF518 .I56 2012

LEADER 01052namaa2200301 4500
003 OSt
005 20260106081349.0
008 130303s2012 dcuab b 001 0 eng d
010 |a 2012024437 
020 |a 9780674066625 
040 |c ARCE Library 
043 |a mm-----  |a a-tu--- 
050 4 |a DF518 .I56 2012 
100 1 |a Bazzaz, Sahar,  |e author  |9 26443 
245 1 0 |a Imperial geographies in Byzantine and Ottoman space /  |c by Sahar Bazzaz, Yota Batsaki, Dimiter Angelov. 
264 1 |a Washington, D.C :  |b Center for Hellenic Studies,  |c 2012. 
300 |a viii, 274 pages :  |b illustrations, maps ;  |c 23 cm. 
490 1 |a Hellenic studies ;   |v 56. 
504 |a Includes bibliographical references and index. 
651 0 |a Turkey  |x Historical geography. 
651 0 |a Byzantine Empire  |x Historical geography. 
651 0 |a Turkey  |x History  |y Ottoman Empire, 1288-1918. 
700 1 |a Batsaki, Yota,  |d 1974-  |9 26385 
700 1 |a Angelov, Dimiter,  |d 1972-  |9 25444 
830 0 |a Hellenic studies ;   |v 56. 
901 |a reviewed 
942 |c BK  |2 lcc 
999 |c 8915  |d 8915